000 00300 a2200133 4500
001 157659
040 _cEscola São Tomás de Aquino
100 _aMijares, Augusto
240 1 0 _aSimón Bolivar
_lpor
245 1 0 _aSimón Bolivar
362 0 _a2007
697 _aBIOGRAFIA E GENEALOGIA
942 _cBK
999 _c157659
_d157659